| 000 | 00685nam a2200205 a 4500 | ||
|---|---|---|---|
| 001 | 000012517 | ||
| 005 | 20240704133524.0 | ||
| 008 | 091113s1985 dr a 001 j spa d | ||
| 040 |
_aDO-SdBNP _bspa _cBNPHU |
||
| 082 |
_aRD863.44 _bM386m |
||
| 100 | 1 |
_aMartínez Fernández, Héctor, _d1949- _919541 |
|
| 245 | 1 | 4 |
_aLos mañeses / _cHéctor Martínez Fernández. |
| 260 |
_aSanto Domingo : _bUniversitaria UASD, _c1985. |
||
| 300 |
_a244 p. : _bil. ; _c14 cm. |
||
| 590 | _aInventariado, 2019/MFF | ||
| 650 | 0 |
_aCuentos dominicanos _9176 |
|
| 650 | 0 |
_aLiteratura dominicana. _967 |
|
| 710 | 1 |
_aUniversidad Autónoma de Santo Domingo _972951 |
|
| 910 | _aValidado. Control de calidad MFF | ||
| 999 |
_c12172 _d12172 |
||